00627nam a22001697a 4500008004100000040001800041041000800059100002800067245014000095250001100235260005200246300001800298500006200316650002400378650002000402700003500422130821s1931 sp gr spa  aCo-BoUCMbspa00aspa aLoti, Pierred1850-192300aSupremas visiones de orientebalcanza hasta 1921cPierre Loti, traducción de la novena edición francesa de Vicente Díez de Tejada a3a. ed aBarcelona (España)bEditorial Cervantesc1931 a259 páginas aEste libro se encuentra en el depósito de la biblioteca04aLiteratura francesa04aNovela francesa aDíez de Tejada, Vicente.eTr